000 00445nam a22001217a 4500
082 _a200 THE
100 _aMUHAMMAD ASAD SHER
_970323
245 _aTH-SOF-1450-Prediction of Membrane Protein Types Using Pseudo Amino Acid Composition with Physiochemical Properties and Dipeptides
260 _aIslamabad
_bNUST College of EME
_c2017
650 _a MS-CSE-13 MSTHESIS
_969839
700 _aSupervisor Dr. Muhammad Usman Akram
_969721
942 _cCF
999 _c577316
_d577316